000 01201cam a2200313 4500
001 20803
005 20230410101949.0
008 060907s1991 dr spa
035 _9funglode20955
041 _aspa
050 1 4 _a118 F 1938.55
_bV422k 1991
082 0 0 _a972.93054
100 1 _aVega, Bernardo,
_d1938-
245 1 0 _aKennedy y los Trujillo /
_cBernardo Vega
260 _aSanto Domingo :
_bFundación Cultural Dominicana,
_c1991
300 _a423 p.
651 4 _aRepública Dominicana
_xRelaciones exteriores
_zEstados Unidos
651 4 _aEstados Unidos
_xRelaciones exteriores
_zRepública Dominicana
651 4 _aRepública Dominicana
_xPolítica y gobierno
_y1961
651 4 _aRepública Dominicana
_xHistoria
_y1961-1965
651 0 _aDominican Republic
_xHistory
_y1961-1965.
651 0 _aDominican Republic
_xHistory
_y1961-
651 0 _aUnited States
_xForeign relations
_zDominican Republic.
651 0 _aDominican Republic
_xForeign relations
_zUnited States.
600 1 0 _aKennedy, John F.
_q(John Fitzgerald),
_d1917-1963.
600 1 0 _aTrujillo Molina, Rafael Leónidas,
_d1891-1961.
651 0 _aUnited States
_xForeign relations
_y1961-1963.
942 _2lcc
_cbk
999 _c16514
_d16514